000 00932cam a2200253 4500
008 020606n2002 000 0 eng u
020 _a1842191039
035 _a(Sirsi) u118310
041 _aeng
050 _a630.026
110 _aHarper Adams University College
_94314
245 4 _aThe impact of modulation: a study for the Royal Institution of Chartered Surveyors
260 _aLondon
_bRICS
_c2002
300 _aix,72p. ; 30cm.
520 _aProject commissioned by RICS to gauge the impact that differential levels of modulation may have on the rural economy, its environment, and society through its impact on agricultural businesses. SUMMARY OF REPORT IS AT CONTROL NUMBER E10668
650 _aAGRI-ENVIRONMENT SCHEMES
650 _aCAP
650 _aFARM INCOME
650 _aLAND VALUE
650 _aMODULATION
690 _aRural
_96268
710 _aScottish Agricultural College
_93388
942 _n0
999 _c102129
_d102129